Proyecto de Ley de Biodiversidad, ya listo y consensuado; fragmentos

Gardado en:
Detalles Bibliográficos
Formato: Texto
Materias:
Etiquetas: Engadir etiqueta
Sen Etiquetas, Sexa o primeiro en etiquetar este rexistro!

MARC

LEADER 00000 a a2200000 04500
001 562
003
040
245 |a Proyecto de Ley de Biodiversidad, ya listo y consensuado; fragmentos  
650 |a LEGISLACION  
650 |a MEDIO AMBIENTE  
773 |g número 57; páginas 1-6  
999 |c 20268  |d 20268